Visualizzazione normale
Vista MARC
- Gillio Gian Mario (et al.)
di Personal Name
Records bibliografici associati: 1
001 - CONTROL NUMBER
- control field: 56640
003 - CONTROL NUMBER IDENTIFIER
- control field: IT-RoPau
005 - DATE AND TIME OF LATEST TRANSACTION
- control field: 20171030164734.0
008 - FIXED-LENGTH DATA ELEMENTS
- fixed length control field: 171030|| aca||aabn | a|a d
040 ## - CATALOGING SOURCE
- Original cataloging agency: IT-RoPau
- Transcribing agency: IT-RoPau
100 ## - HEADING--PERSONAL NAME
- Personal name: Gillio Gian Mario (et al.)
670 ## - SOURCE DATA FOUND
- Source citation: Work cat.: (IT-RoPau): Gillio Gian Mario (et al.), Religioni e sessualità, 2013